000 00764nam a2200253 a 4500
001 000005829
003 DO-SdBNP
005 20240530073911.0
007 ta
008 090824s 2009 dr 000 f spa d
020 _a9789945408294
040 _aDO-SdBNP
_bspa
_cBNPHU
082 4 _aBNPHU RD863.44
_bR627i
100 1 _aRizik, Marisela,
_d1957-
_916464
245 1 3 _aLa infinita incertidumbre /
_cMarisela Risik.
260 _aSanto Domingo :
_bArgos,
_c2009.
300 _a158 p. ;
_c23 cm.
500 _aIncluye datos biográficos de la autora en la solapa de la cubierta
590 _aInventariado, 2019/VM
650 1 0 _aNovela dominicana
_9223
650 1 0 _aLiteratura dominicana.
_967
910 _aValidado. Control de calidad MMOLINA
942 _2ddc
_cLBS1
999 _c5625
_d5625